| 000 | 01219 a2200325 4500 | ||
|---|---|---|---|
| 999 |
_c8138 _d8138 |
||
| 020 | _a9780534595395 | ||
| 020 | _a0534595391 | ||
| 050 | 0 | 0 | _aML3545 WOR 2009 |
| 100 |
_aTiton, Jeff Todd _eeditor |
||
| 245 | 0 | 0 |
_aWorlds of music : _ban introduction to the music of the world's peoples / _cJeff Todd Titon, general editor ; with Timothy J. Cooley ... [et al.]. |
| 250 | _a5th ed. | ||
| 264 |
_aBelmont : _bSchirmer Cengage Learning, _c2009. |
||
| 300 |
_axxvii, 609 p. : _bill., maps, music ; |
||
| 500 | _aIncludes index | ||
| 504 | _aIncludes bibliographical references, discographies, videographies, | ||
| 650 | 0 |
_aWorld music _xHistory and criticism. |
|
| 650 | 0 | _aEthnomusicology. | |
| 700 | 1 |
_aCooley, Timothy J. _eeditor |
|
| 700 | 1 |
_aLocke, David _eeditor |
|
| 700 | 1 |
_aMcAllster, David P. _eeditor |
|
| 700 | 1 |
_aRasmussen, Anne K. _eeditor |
|
| 700 | 1 |
_aReck, David B. _eeditor |
|
| 700 | 1 |
_aSchechter, John M. _eeditor |
|
| 700 | 1 |
_aStock, Jonathan P. J. _eeditor |
|
| 700 | 1 |
_aSutton, R. Anderson _eeditor |
|
| 942 |
_2lcc _cBK _h3545 _iWOR _kML |
||